[Event "Sofia Hemus op 19th"]
[Site "Sofia"]
[Date "2004.11.28"]
[Round "4"]
[White "Kolev, Vasil"]
[Black "Ivanov, Stoian"]
[Result "1/2-1/2"]
[WhiteElo "1900"]
[BlackElo "1860"]
[PlyCount "60"]
[EventDate "2004.11.27"]
[EventType "swiss"]
[EventRounds "6"]
[EventCountry "BUL"]
[SourceTitle "CBM 103 Extra"]
[Source "ChessBase"]
[SourceDate "2005.01.01"]
[SourceVersion "1"]
[SourceVersionDate "2005.01.01"]
[SourceQuality "1"]

1. d4 d5 2. c4 c6 3. Nc3 Nf6 4. Nf3 dxc4 5. a4 Bf5 6. e3 e6 7. Bxc4 Bb4 8. 0-0 Nbd7 9. Qe2 Nb6 10. e4 Bg4 11. Rd1 Bxc3 12. bxc3 Nxc4 13. Qxc4 Nxe4 14. Qd3 Bf5 15. Qe3 0-0 16. Ba3 Re8 17. Ne5 Nf6 18. c4 Nd7 19. Bd6 Nb6 20. Bc5 f6 21. Bxb6 Qxb6 22. Nf3 Rad8 23. h3 c5 24. dxc5 Qc6 25. Nd4 Qxc5 26. Nxf5 Qxf5 27. Qxa7 Qe4 28. c5 Ra8 29. Qb6 Rxa4 30. Rxa4 Qxa4 1/2-1/2

[Event "Sofia op 2nd"]
[Site "Sofia"]
[Date "2004.04.04"]
[Round "6.2"]
[White "Evstatiev, Georgi"]
[Black "Ivanov, Stoian"]
[Result "0-1"]
[WhiteElo "2195"]
[BlackElo "2170"]
[PlyCount "72"]
[EventDate "2004.04.03"]
[EventType "swiss"]
[EventRounds "6"]
[EventCountry "BUL"]
[SourceTitle "CBM 099 Extra"]
[Source "ChessBase"]
[SourceDate "2004.05.04"]
[SourceVersion "1"]
[SourceVersionDate "2004.05.04"]
[SourceQuality "1"]

1. e4 c5 2. Nf3 Nc6 3. d4 cxd4 4. Nxd4 Nf6 5. Nc3 e5 6. Ndb5 d6 7. Bg5 a6 8. Na3 b5 9. Bxf6 gxf6 10. Nd5 f5 11. g3 Bg7 12. Bg2 f4 13. c3 0-0 14. 0-0 Rb8 15. Nc2 Kh8 16. Qd3 Be6 17. Rad1 Rb7 18. b3 a5 19. Na3 b4 20. Nc4 bxc3 21. Nxc3 Bxc4 22. Qxc4 Nd4 23. Qd3 Rc7 24. Nd5 Rc5 25. Rc1 Rxc1 26. Rxc1 Qg5 27. Rc4 fxg3 28. hxg3 f5 29. exf5 Nxf5 30. Be4 Nd4 31. Ne3 h5 32. Ng2 Qf6 33. f4 exf4 34. Nxf4 Re8 35. Ng6+ Kg8 36. Rxd4 Qxd4+ 0-1

[Event "Sofia Hemus op 03rd"]
[Site "Sofia"]
[Date "2004.03.06"]
[Round "2.8"]
[White "Ivanov, Stoian"]
[Black "Mladenov, Andrey"]
[Result "1-0"]
[WhiteElo "2170"]
[BlackElo "2040"]
[PlyCount "47"]
[EventDate "2004.03.06"]
[EventType "swiss (rapid)"]
[EventRounds "6"]
[EventCountry "BUL"]
[SourceTitle "CBM 099 Extra"]
[Source "ChessBase"]
[SourceDate "2004.05.04"]
[SourceVersion "1"]
[SourceVersionDate "2004.05.04"]
[SourceQuality "1"]

1. Nf3 Nf6 2. c4 d6 3. g3 g6 4. b3 Bg7 5. Bb2 0-0 6. Bg2 c6 7. 0-0 Nbd7 8. d4 Qc7 9. Nc3 a5 10. Qc2 e5 11. Rad1 Re8 12. dxe5 dxe5 13. Ba3 Bf8 14. Bxf8 Kxf8 15. Qd2 Kg7 16. Qd6 Qb6 17. Ng5 Nc5 18. Nd5 Nxd5 19. Rxd5 Nd7 20. Rd2 f5 21. Ne6+ Rxe6 22. Qxe6 Qd8 23. Rfd1 Qf6 24. Rxd7+ 1-0

[Event "Sofia Hemus op 03rd"]
[Site "Sofia"]
[Date "2004.03.06"]
[Round "3.2"]
[White "Orev, Petar"]
[Black "Ivanov, Stoian"]
[Result "1-0"]
[WhiteElo "2340"]
[BlackElo "2170"]
[PlyCount "68"]
[EventDate "2004.03.06"]
[EventType "swiss (rapid)"]
[EventRounds "6"]
[EventCountry "BUL"]
[SourceTitle "CBM 099 Extra"]
[Source "ChessBase"]
[SourceDate "2004.05.04"]
[SourceVersion "1"]
[SourceVersionDate "2004.05.04"]
[SourceQuality "1"]

1. e4 d5 2. Nc3 c6 3. d4 dxe4 4. Nxe4 Bf5 5. Ng3 Bg6 6. Nf3 e6 7. h4 h6 8. h5 Bh7 9. Bd3 Bxd3 10. Qxd3 Nf6 11. Bf4 Bd6 12. Be5 Bxe5 13. Nxe5 Nbd7 14. f4 Qa5+ 15. c3 0-0 16. 0-0 c5 17. f5 cxd4 18. Nxd7 Nxd7 19. fxe6 fxe6 20. Qxd4 Nf6 21. b4 Qb6 22. Qxb6 axb6 23. Rae1 Rxa2 24. Rxe6 Rd8 25. Ne4 Nxh5 26. Rf5 Rd1+ 27. Kh2 Raa1 28. Kh3 Rh1+ 29. Kg4 Rag1 30. Rxh5 Rxh5 31. Kxh5 Rxg2 32. Rxb6 Rh2+ 33. Kg4 Rg2+ 34. Kh3 Rd2 1-0